| 000 | 00666nam a2200205 u 4500 | ||
|---|---|---|---|
| 005 | 20210223131309.0 | ||
| 008 | 100601s2008 mx r 000 0 spa d | ||
| 020 | _a9789705804885 | ||
| 035 | _aUPN01000176244 | ||
| 049 | _aCG | ||
| 050 | 4 |
_aF786 _bG6.3 |
|
| 100 | 1 | _aGonzález Herrera, Carlos | |
| 245 | 1 | 3 |
_aLa frontera que vino del norte / _cCarlos González Herrera. |
| 260 |
_aMéxico : _bTaurus, _c2008. |
||
| 300 | _a295 p. | ||
| 440 | 0 | _aPensamiento | |
| 651 | 4 |
_aREGION FRONTERIZA MEXICOAMERICANA - _xCONDICIONES SOCIALES - _ySIGLO XX _916175 |
|
| 651 | 4 |
_aREGION FRONTERIZA MEXICOAMERICANA - _xCONDICIONES SOCIALES - _ySIGLO XXI _916176 |
|
| 905 | _aLibro | ||
| 999 |
_c148347 _d148347 |
||